[Event "GER-ch U14 Girls"]
[Site "Willingen"]
[Date "2021.08.24"]
[Round "3"]
[White "Hellenbroich, Helene"]
[Black "Marrufo, Emilia"]
[Result "1-0"]
[WhiteElo "1378"]
[BlackElo "1020"]
[PlyCount "103"]
[EventDate "2021.08.22"]
[EventType "swiss"]
[EventRounds "9"]
[EventCountry "GER"]
[SourceTitle "EXT 2022"]
[Source "ChessBase"]
[SourceDate "2021.10.06"]
[SourceVersion "1"]
[SourceVersionDate "2021.10.06"]
[SourceQuality "1"]

1. e4 e5 2. Nf3 Nc6 3. Bc4 Bc5 4. c3 Nf6 5. d3 d6 6. Bb3 Bg4 7. Nbd2 a6 8. Nf1 Qd7 9. Ne3 Be6 10. Bc2 0-0-0 11. Bd2 d5 12. b4 Ba7 13. a4 d4 14. Nc4 dxc3 15. Bxc3 Qe8 16. Qe2 Nd4 17. Nxd4 exd4 18. Bd2 Bxc4 19. dxc4 Qd7 20. Bd3 Rhe8 21. f3 Nh5 22. g4 Nf6 23. e5 Ng8 24. Bf5 Re6 25. Bxe6 Qxe6 26. f4 d3 27. Qe4 g6 28. f5 gxf5 29. Qxf5 Qxf5 30. gxf5 Bd4 31. Ra3 Bxe5 32. Bc3 Bf4 33. Bd2 Be5 34. Be3 Kb8 35. Kd2 Nf6 36. Bg5 Ne4+ 37. Ke3 Nxg5 38. Rxd3 Re8 39. Kf2 Bd6 40. c5 Be5 41. Re1 Nh3+ 42. Rxh3 Bd4+ 43. Kf1 Rd8 44. Rxh7 f6 45. Ree7 Be5 46. b5 axb5 47. axb5 Rc8 48. h4 Bd4 49. b6 cxb6 50. Rxb7+ Ka8 51. Ra7+ Kb8 52. Rhb7# 1-0

[Event "GER-chT Christmas U16 Lasker"]
[Site "Playchess.com INT"]
[Date "2020.12.28"]
[Round "2.3"]
[White "Hellenbroich, Helene"]
[Black "Monakhov, Boris"]
[Result "0-1"]
[WhiteElo "1358"]
[BlackElo "1634"]
[PlyCount "60"]
[EventDate "2020.12.28"]
[EventType "team-swiss (blitz)"]
[EventRounds "7"]
[EventCountry "GER"]
[SourceTitle "CBM 200 Extra"]
[Source "ChessBase"]
[SourceDate "2021.03.31"]
[SourceVersion "1"]
[SourceVersionDate "2021.03.31"]
[SourceQuality "1"]
[WhiteTeam "Luebeck"]
[BlackTeam "Luebeck II"]
[WhiteTeamCountry "GER"]
[BlackTeamCountry "GER"]

1. e4 c5 2. Bc4 e6 3. Nc3 a6 4. Nf3 b5 5. Be2 Qc7 6. 0-0 Be7 7. d3 Nc6 8. Be3 d6 9. Nb1 Nf6 10. Re1 0-0 11. Nbd2 Bb7 12. Nf1 d5 13. exd5 Nxd5 14. c4 Nxe3 15. Nxe3 Rad8 16. Qc2 Ne5 17. Nxe5 Qxe5 18. Ng4 Qg5 19. Rad1 f5 20. Ne3 f4 21. Bf1 fxe3 22. Rxe3 bxc4 23. Qxc4 Kh8 24. Rg3 Qf5 25. Rd2 Bd6 26. Rg4 h5 27. Rh4 Bf4 28. Rc2 Be3 29. g4 Bxf2+ 30. Rxf2 Qxf2# 0-1

[Event "GER-chT U14 Girls"]
[Site "Neumuenster"]
[Date "2019.12.28"]
[Round "4.5"]
[White "Hellenbroich, Helene"]
[Black "Heintz, Lilly"]
[Result "1/2-1/2"]
[WhiteElo "1346"]
[BlackElo "1219"]
[PlyCount "54"]
[EventDate "2019.12.27"]
[EventType "team-swiss"]
[EventRounds "7"]
[EventCountry "GER"]
[SourceTitle "CBM 194 Extra"]
[Source "ChessBase"]
[SourceDate "2020.03.31"]
[SourceVersion "1"]
[SourceVersionDate "2020.03.31"]
[SourceQuality "1"]
[WhiteTeam "Luebeck"]
[BlackTeam "Leipzig Lindenau"]
[WhiteTeamCountry "GER"]
[BlackTeamCountry "GER"]

1. e4 e5 2. Bc4 Nf6 3. d3 Bc5 4. Be3 Bb6 5. Nf3 d6 6. c3 Nc6 7. Nbd2 Qe7 8. 0-0 Bxe3 9. fxe3 b6 10. Bb5 Bb7 11. Qa4 Qd7 12. d4 a6 13. Bxc6 Bxc6 14. Qc2 Qe7 15. d5 Bb7 16. Qa4+ Qd7 17. Qxd7+ Nxd7 18. Ng5 0-0 19. Rf2 h6 20. Ngf3 a5 21. Nh4 g6 22. Rf3 Kh7 23. Raf1 f6 24. Rg3 Rg8 25. Rh3 Raf8 26. Rf2 Bc8 27. Rg3 Nc5 1/2-1/2

[Event "GER-chT U10"]
[Site "Magdeburg"]
[Date "2016.12.27"]
[Round "1.3"]
[White "Gossing, Maxi Sophia"]
[Black "Hellenbroich, Helene"]
[Result "1-0"]
[WhiteElo "790"]
[BlackElo "782"]
[PlyCount "81"]
[EventDate "2016.12.27"]
[EventType "team-swiss"]
[EventRounds "7"]
[EventCountry "GER"]
[SourceTitle "EXT 2018"]
[Source "ChessBase"]
[SourceDate "2017.10.13"]
[SourceVersion "1"]
[SourceVersionDate "2017.10.13"]
[SourceQuality "1"]
[WhiteTeam "Luebeck II"]
[BlackTeam "Luebeck"]
[WhiteTeamCountry "GER"]
[BlackTeamCountry "GER"]

1. e4 e5 2. Nf3 Nc6 3. Bc4 Bb4 4. Nc3 Nf6 5. d3 d6 6. Bg5 Bg4 7. 0-0 Bxc3 8. bxc3 h6 9. Bh4 0-0 10. h3 Bh5 11. Rb1 Rb8 12. d4 exd4 13. Qd3 Qe7 14. Nxd4 Qe5 15. Nxc6 bxc6 16. Bg3 Qc5 17. Rxb8 Rxb8 18. Bh4 Nd5 19. exd5 cxd5 20. Bxd5 c6 21. Bf3 Bg6 22. Qd2 Qe5 23. Re1 Qc5 24. Be7 Qa3 25. Bxd6 Rb2 26. Bxa3 Rxa2 27. Bd6 Rxc2 28. Qe3 f6 29. Bxc6 Kh7 30. Be4 Bxe4 31. Qxe4+ Kg8 32. Qxc2 a5 33. Re8+ Kf7 34. Qa4 Kg6 35. Qxa5 f5 36. f3 h5 37. g4 hxg4 38. fxg4 fxg4 39. hxg4 Kh7 40. Qf5+ Kh6 41. Qh5# 1-0